000 00600nam a2200241Ia 4500
003 OSt
005 20221005083111.0
006 a|||||r|||| 00| 0
007 ta
008 221004b |||||||| |||| 00| 0 eng d
024 _a63460
037 _cTextual
040 _aCRL
_cCRL
_beng
041 _2eng
_aeng
082 _aV243.N9, N2-;2
100 _aKhushwant Singh
245 0 _aMy bleeding Punjab
260 _aNew Delhi
_bUBS
_c1992
300 _a164p.
_ccm.
650 _aHISTORY
942 _hV243.N9, N2-;2
_cTEXL
_2cc
999 _c990316
_d990316